Ведомости о состоянии училищ Тобольской губернии за первую 1795 года половину

Доступно только в Электронных читальных залах Найти на картеНа карте
RUSMARC
00004530nmc2a22002653x 450
001c0845fc4-1598-4c03-918c-8ab29e9f142f
00520241210160102.0
100##$a20241015l17951795k l0rusy0189 ca
1010#$arus
102##$aRU
105##$ay###
1222#$ad
2001#$aВедомости о состоянии училищ Тобольской губернии за первую 1795 года половину
$j25 августа - 24 сентября 1795 г.
215##$a16 л.
$d32,5х21 см
251##$cДело
300##$aДиректор училищ Афанасий Дохтуров; секретарь Иван Ливранов; регистратор Михайла Качурин
300##$aОриг. заголовок дела: Дело в Главное народных училищ правительство из Тобольского приказа общественного призрения. Учиненная директором народных училищ по силе устава, данного народным училищам, за полугодичное этого 1795 года течение учебного времени ведомость при нем в эту Комиссию препровождается 25 августа 1795 года. 25 августа 1795 г. - 24 сентября 1795 г
371##$aДокумент не является опубликованным и широко распространяемым
461#0$100174716ac7-ef0a-4ce9-889f-df06b5c6e13c
$12001
$aКомиссия об учреждении народных училищ
$1251
$cФонд
$1852
$j730
462#0$1001e6616291-8022-4671-9001-59f853d67170
$12001
$aЖурналы заседаний и определения Комиссии; ведомости приказов общественного призрения о состоянии и бюджете училищ, учителях, успехах учеников
$1251
$cОпись
$1852
$j2
5171#$aДело в Главное народных училищ правительство из Тобольского приказа общественного призрения. Учиненная директором народных училищ по силе устава, данного народным училищам, за полугодичное этого 1795 года течение учебного времени ведомость при нем в эту Комиссию препровождается 25 августа 1795 года. 25 августа 1795 г. - 24 сентября 1795 г
801#0$aRU
$bРГИА
$c20241015
$gRCR
801#1$aRU
$bГлавНИВЦ
$c20241015
$2rusmarc
801#2$aRU
$bПБ им. Б.Н. Ельцина
$c20241210
$gRCR
$2rusmarc
850##$aРГИА
852##$aРГИА
$eФедеральное казенное учреждение "Российский государственный исторический архив" (РГИА)
$j1946
937##$hРГИА
$d12413410
$aASBIBLIO_SCAN
035##$aRusGRCC00080583
856##$uhttp://readingroom.main.prlib.ru/item.aspx?id_node=n195250372&mode=full
Формат отображения